Franchises de la LNH - Statistiques

Statistiques générales
  • Ce quiz a été pris 21 805 fois
    6 372 depuis la dernière actualisation
  • Le résultat moyen est 19 sur 32
Statistiques - réponses
Équipe % Correct
Canadiens de Montréal
88%
Bruins de Boston
73%
Rangers de New York
72%
Oilers d'Edmonton
71%
Maple Leafs de Toronto
70%
Kings de Los Angeles
66%
Panthers de la Floride
66%
Sénateurs d'Ottawa
66%
Canucks de Vancouver
64%
Islanders de New York
63%
Jets de Winnipeg
61%
Lightning de Tampa Bay
61%
Sharks de San José
61%
Avalanche du Colorado
60%
Flames de Calgary
60%
Stars de Dallas
60%
Capitals de Washington
59%
Penguins de Pittsburgh
58%
Ducks d'Anaheim
57%
Golden Knights de Vegas
56%
Kraken de Seattle
56%
Red Wings de Détroit
56%
Blackhawks de Chicago
55%
Devils du New Jersey
55%
Hurricanes de la Caroline
53%
Wild du Minnesota
53%
Flyers de Philadelphie
51%
Mammoth de l'Utah
51%
Sabres de Buffalo
50%
Blues de Saint-Louis
49%
Predators de Nashville
48%
Blue Jackets de Columbus
45%
Aucun quiz correspondant
Distribution des résultats
% des personnes avec chaque résultat
Percentile par nombre de réponses
Votre historique - résultats
Vous n’avez pas pris ce quiz depuis la dernière actualisation